02732cam a22002775a 45000010009000000050017000090080041000260200046000670400034001130820019001471000031001662450081001972600062002783000035003405000024003755040041003995201733004406500035021736500038022086510010022466530021022566550024022779420019023019990017023209520117023371826797620150621113016.0140814t2015 flua frb 001 0 eng d a9781482231441 (hardback : acidfree paper) aDLCbengcDLCdDLCdEG-ScBUE 04a620.3bSIN2221 aSinha, Jyoti Kumar.93817710aVibration analysis, instruments, and signal processing /cJyoti Kumar Sinha. aBoca Raton :bCRC Press / Taylor & Francis Group,cc.2015 axiii, 314 p. :bill. ;c24 cm. aIndex : p. 305-314. aIncludes bibliographical references. a"Preface Over the past four decades, the technology in vibration instrumentation and measurements, signal processing, and analytical simulation using finite element (FE) methods has advanced significantly. There are several dedicated books that have recorded these advancements. However, it has been consistently observed that several persons (students, researchers, designers, and maintenance personnel in industry) involved in, say vibration- related works or research, do not fully comprehend the interrelation between theory and experiments. These individuals can be grouped as (1) good in vibration data collection but may not be aware of the applicable basic theory, and vice versa, (2) good in signal processing but may not know the basics of either the theory or vibration data collection and measurement procedures, and (3) involved in dynamic qualifications (FE analysis and modal testing) using standard commercially available software without knowing much about the basic principles and methods. It is imperative that persons involved in vibration-based analysis have at least a basic understanding of the different processes so that they can more effectively solve vibration-related problems. This book aims to communicate the fundamental principles of all three facets of vibration-based analysis (i.e., instruments and measurement, signal processing, and theoretical analysis) in a simplified tutorial manner, which is not readily available in literature. The unique content of this book will therefore be very useful for a diverse audience who are interested in vibration analysis. The target audience includes students (all levels), researchers, and engineers (involved in vibration-based condition monitoring)" 0aVibrationxMeasurement.2BUEsh 0aDamping (Mechanics)2BUEsh912082 2BUEsh bENGELCcJune2015 vreading book934232 2ddck620.3 SIN c19519d19491 00102ddc40708BaccahaMAINbMAINc1STd2015-06-09epurchasel0o620.3 SINp000038465r2025-07-15 00:00:00yBB